[Event "POL-chT 2nd League"]
[Site "Jastrzebia Gora"]
[Date "2023.09.03"]
[Round "2.57"]
[White "Pacuszka, Tomasz"]
[Black "Majocha, Piotr"]
[Result "1/2-1/2"]
[WhiteElo "2156"]
[BlackElo "2004"]
[PlyCount "67"]
[EventDate "2023.09.02"]
[EventType "team-swiss"]
[EventRounds "9"]
[EventCountry "POL"]
[SourceTitle "EXT 2024"]
[Source "ChessBase"]
[SourceDate "2023.10.10"]
[SourceVersion "1"]
[SourceVersionDate "2023.10.10"]
[SourceQuality "1"]
[WhiteTeam "Grudziadz Rotmistrz"]
[BlackTeam "Radkow Giecek"]
[WhiteTeamCountry "POL"]
[BlackTeamCountry "POL"]

1. e4 e6 2. d4 d5 3. Nc3 Bb4 4. e5 c5 5. a3 Bxc3+ 6. bxc3 Ne7 7. Qg4 Qc7 8. Qxg7 Rg8 9. Qxh7 cxd4 10. Qd3 Qxe5+ 11. Ne2 dxc3 12. Qxc3 Nbc6 13. Qxe5 Nxe5 14. Nf4 f6 15. Bb2 N7c6 16. Nh5 Kf7 17. h3 Nd7 18. 0-0-0 b6 19. g4 Bb7 20. f4 Rac8 21. Rg1 Ne7 22. Bb5 Bc6 23. Bd3 Ba4 24. Rg2 Rh8 25. Re2 Rh6 26. Kd2 Nc5 27. Rde1 Nc6 28. Bc3 Nxd3 29. cxd3 d4 30. Bb2 Ne5 31. fxe5 Rc2+ 32. Kd1 Rc6+ 33. Kd2 Rc2+ 34. Kd1 1/2-1/2

[Event "Polanica Zdroj op 59th"]
[Site "Polanica Zdroj"]
[Date "2023.08.27"]
[Round "9"]
[White "Hetzer, Volkhard"]
[Black "Majocha, Piotr"]
[Result "0-1"]
[WhiteElo "1933"]
[BlackElo "2002"]
[PlyCount "82"]
[EventDate "2023.08.19"]
[EventType "swiss"]
[EventRounds "9"]
[EventCountry "POL"]
[SourceTitle "CBM 215 Extra"]
[Source "ChessBase"]
[SourceDate "2023.09.30"]
[SourceVersion "1"]
[SourceVersionDate "2023.09.30"]
[SourceQuality "1"]

1. Nf3 c5 2. e4 g6 3. Nc3 Bg7 4. Bc4 Nc6 5. 0-0 e6 6. Re1 d6 7. d3 Nge7 8. a3 0-0 9. Ba2 Rb8 10. Bf4 b5 11. e5 d5 12. Qd2 Nf5 13. Ne2 h6 14. h3 d4 15. Bh2 Bb7 16. Qf4 g5 17. Qg4 Rc8 18. Ng3 Nxg3 19. Bxg3 Ne7 20. h4 Bxf3 21. Qxf3 Ng6 22. hxg5 Qxg5 23. Re4 h5 24. Rae1 Kh7 25. Bf4 Qf5 26. Qh3 Qxh3 27. gxh3 Ne7 28. Kh1 Nf5 29. Rg1 Bh6 30. Bxh6 Kxh6 31. Rf4 Rg8 32. Rg2 a5 33. Kg1 Rxg2+ 34. Kxg2 Rg8+ 35. Kf1 b4 36. a4 Kg5 37. Re4 Nh4 38. Ke2 Ng6 39. Kf1 Kf5 40. Bc4 Nxe5 41. Bb5 Nf3 0-1

[Event "Polanica Zdroj op 59th"]
[Site "Polanica Zdroj"]
[Date "2023.08.24"]
[Round "6"]
[White "Krawczyk, Wojciech"]
[Black "Majocha, Piotr"]
[Result "1-0"]
[WhiteElo "2034"]
[BlackElo "2002"]
[PlyCount "113"]
[EventDate "2023.08.19"]
[EventType "swiss"]
[EventRounds "9"]
[EventCountry "POL"]
[SourceTitle "CBM 215 Extra"]
[Source "ChessBase"]
[SourceDate "2023.09.30"]
[SourceVersion "1"]
[SourceVersionDate "2023.09.30"]
[SourceQuality "1"]

1. d4 Nf6 2. c4 c5 3. d5 e6 4. Nc3 exd5 5. cxd5 d6 6. e4 g6 7. Nf3 Bg7 8. Bd3 0-0 9. 0-0 Re8 10. Qc2 Na6 11. a3 Nc7 12. h3 a6 13. a4 b6 14. Bf4 Rb8 15. Rfe1 b5 16. axb5 axb5 17. Ra7 b4 18. Nb1 b3 19. Qc1 Nb5 20. Bxb5 Rxb5 21. Nc3 Rb4 22. Bh6 Qb6 23. Bxg7 Kxg7 24. Ra8 Qb7 25. Qa1 Bd7 26. Ra7 Qb8 27. Qa5 Rb7 28. Ra6 Bb5 29. Nxb5 Rxb5 30. Qc3 Qd8 31. e5 Nxd5 32. Qd3 Nc7 33. Rxd6 Qb8 34. Rd7 Ne6 35. Qc4 Rb4 36. Qd5 Kg8 37. Ra1 Rf4 38. Raa7 Qb4 39. Qc6 Qb8 40. g3 Rf5 41. Nh4 Nd8 42. Qc7 Qxc7 43. Raxc7 Rfxe5 44. Rc8 Re2 45. Rdxd8 Rxd8 46. Rxd8+ Kg7 47. Rc8 Rc2 48. Nf3 Kf6 49. Kf1 Kf5 50. Ke1 Rxb2 51. Nd2 Rc2 52. Nxb3 Ke4 53. Rxc5 Rb2 54. Nd2+ Kd3 55. Rd5+ Kc3 56. Rd7 f5 57. Rxh7 1-0

[Event "Polanica Zdroj op 59th"]
[Site "Polanica Zdroj"]
[Date "2023.08.21"]
[Round "3"]
[White "Wojna, Grzegorz"]
[Black "Majocha, Piotr"]
[Result "0-1"]
[WhiteElo "2071"]
[BlackElo "2002"]
[PlyCount "124"]
[EventDate "2023.08.19"]
[EventType "swiss"]
[EventRounds "9"]
[EventCountry "POL"]
[SourceTitle "CBM 215 Extra"]
[Source "ChessBase"]
[SourceDate "2023.09.30"]
[SourceVersion "1"]
[SourceVersionDate "2023.09.30"]
[SourceQuality "1"]

1. c4 e5 2. Nc3 Nf6 3. Nf3 Nc6 4. e3 Bb4 5. Qc2 d6 6. Nd5 Bc5 7. a3 a5 8. b3 Be6 9. Nxf6+ Qxf6 10. Bb2 Bf5 11. Bd3 Bxd3 12. Qxd3 0-0 13. Qc2 Qe7 14. 0-0 e4 15. Qc3 f5 16. Ne1 Ne5 17. d4 exd3 18. Nxd3 Nxd3 19. Qxd3 f4 20. Bd4 Bxd4 21. Qxd4 fxe3 22. fxe3 b6 23. Rxf8+ Rxf8 24. e4 h6 25. Re1 Qh4 26. Qe3 Qf6 27. h3 Qe5 28. a4 Rf6 29. Rf1 Re6 30. Rf4 Rf6 31. Rxf6 Qxf6 32. g4 Kf7 33. Kg2 Ke6 34. Kg3 Qe5+ 35. Kg2 Qb2+ 36. Kg3 Qe5+ 37. Kg2 Qf6 38. Qd2 Qe5 39. Qe3 Qb2+ 40. Kg3 Qf6 41. h4 Qe5+ 42. Kh3 Qf6 43. h5 Qg5 44. Qf3 Ke5 45. Kg3 Kd4 46. Qf4 Kc3 47. Qf7 Qe5+ 48. Kf3 c5 49. Qb7 Kxb3 50. Qxb6+ Kxa4 51. Qb5+ Ka3 52. Qxa5+ Kb3 53. Qa6 Kc3 54. Qb5 Kd4 55. Qb7 Kxc4 56. Qa6+ Kd4 57. Qa1+ Kd3 58. Qb1+ Kc3 59. Qe1+ Kc4 60. Qd1 Qf6+ 61. Kg3 Qd4 62. Qb1 Qd3+ 0-1

[Event "Warsaw Najdorf Memorial op-A"]
[Site "Warsaw"]
[Date "2023.07.16"]
[Round "6"]
[White "Majocha, Piotr"]
[Black "Minald, Andrey"]
[Result "1-0"]
[WhiteElo "1979"]
[BlackElo "2091"]
[PlyCount "111"]
[EventDate "2023.07.11"]
[EventType "swiss"]
[EventRounds "9"]
[EventCountry "POL"]
[SourceTitle "EXT 2024"]
[Source "ChessBase"]
[SourceDate "2023.10.10"]
[SourceVersion "1"]
[SourceVersionDate "2023.10.10"]
[SourceQuality "1"]

1. Nf3 Nf6 2. c4 e6 3. g3 b6 4. Bg2 Bb7 5. 0-0 c5 6. Nc3 Be7 7. Re1 0-0 8. e4 d6 9. d4 Nbd7 10. e5 Ne8 11. dxc5 Nxc5 12. Bf4 dxe5 13. Nxe5 Bxg2 14. Kxg2 Qxd1 15. Raxd1 g5 16. Be3 Ng7 17. Bxc5 bxc5 18. Ne4 Rfc8 19. Rd7 Kf8 20. Nxf7 Kxf7 21. Nd6+ Kf6 22. Nxc8 Rxc8 23. Rxa7 Nf5 24. Ra6 Nd4 25. Re4 h5 26. b4 Kf5 27. f3 e5 28. h3 g4 29. hxg4+ hxg4 30. Rxg4 cxb4 31. Rg7 Bf8 32. Rf7+ Kg5 33. f4+ exf4 34. gxf4+ Kh5 35. Kh3 Bh6 36. Rff6 Bxf4 37. Rxf4 Rxc4 38. Ra5+ Kg6 39. Kg4 Nc2 40. Rxc4 Ne3+ 41. Kf4 Nxc4 42. Rb5 Kf6 43. Rxb4 Nd6 44. a4 Ne8 45. Rb6+ Ke7 46. Ke5 Kd7 47. Kd5 Kc7 48. Kc5 Kc8 49. a5 Nc7 50. a6 Na8 51. Rh6 Kb8 52. Rh7 Nc7 53. Rf7 Ne6+ 54. Kb6 Ka8 55. Re7 Nd8 56. Re8 1-0

[Event "Warsaw Najdorf Memorial op-A"]
[Site "Warsaw"]
[Date "2023.07.13"]
[Round "3"]
[White "Bazilius, Augustinas"]
[Black "Majocha, Piotr"]
[Result "1/2-1/2"]
[WhiteElo "2110"]
[BlackElo "1979"]
[PlyCount "206"]
[EventDate "2023.07.11"]
[EventType "swiss"]
[EventRounds "9"]
[EventCountry "POL"]
[SourceTitle "EXT 2024"]
[Source "ChessBase"]
[SourceDate "2023.10.10"]
[SourceVersion "1"]
[SourceVersionDate "2023.10.10"]
[SourceQuality "1"]

1. d4 Nf6 2. c4 e6 3. Nf3 d5 4. g3 Be7 5. Bg2 0-0 6. 0-0 c6 7. Qc2 Nbd7 8. Nbd2 b6 9. e4 dxc4 10. Nxc4 Bb7 11. Rd1 h6 12. Nfe5 Qc7 13. Nxd7 Qxd7 14. Ne5 Qc7 15. Bf4 Bd6 16. Nd3 Bxf4 17. Nxf4 Rac8 18. Rac1 e5 19. Nd5 Qd6 20. dxe5 Qxe5 21. f4 Qe6 22. Nxf6+ Qxf6 23. Rd7 Rb8 24. Rcd1 Qe6 25. b3 c5 26. R1d6 Qe8 27. Rc7 Qb5 28. Rdd7 Bc8 29. Re7 Qb4 30. Bf1 Qd4+ 31. Qf2 Qd1 32. Kg2 Qh5 33. f5 b5 34. Be2 Qg5 35. h4 Qf6 36. Bh5 g6 37. fxg6 Bh3+ 38. Kg1 Qa1+ 39. Kh2 fxg6 40. Rg7+ Qxg7 41. Rxg7+ Kxg7 42. Qxc5 Rb6 43. Kxh3 gxh5 44. Qxh5 a6 45. Qc5 Re6 46. Qd4+ Kg8 47. Qd5 Rfe8 48. Kg4 Kg7 49. Qd4+ Kg6 50. Kf4 Rf8+ 51. Ke3 Rfe8 52. Qd5 Kg7 53. g4 R8e7 54. Qd4+ Kg6 55. Kd3 Re8 56. Qc5 R8e7 57. Qd5 Kg7 58. Kd4 Rg6 59. Qc5 Rd7+ 60. Ke3 Re6 61. e5 Rde7 62. Ke4 Kg6 63. Qc3 Re8 64. Kd5 Kg7 65. Qg3 Kf7 66. Qf2+ Ke7 67. Qf5 Rd8+ 68. Ke4 Rf8 69. Qh5 Rf1 70. Kd4 Rd1+ 71. Kc3 Rd5 72. g5 Rdxe5 73. Kb4 hxg5 74. hxg5 Kd6 75. Qd1+ Rd5 76. Qc1 Rg6 77. Qf4+ Re5 78. Qf8+ Ke6 79. Qc8+ Ke7 80. Qb7+ Kf8 81. Qb8+ Re8 82. Qf4+ Kg8 83. Qf5 Ree6 84. Kc5 Kg7 85. Kd5 Re7 86. Qf4 Rf7 87. Qe5+ Kg8 88. Ke4 Kh7 89. Qd5 Kg7 90. Ke3 Kg8 91. Qd4 Rf5 92. Qd8+ Rf8 93. Qd5+ Rf7 94. Ke4 Kg7 95. Qe5+ Kg8 96. Qb8+ Kg7 97. Qg3 Re6+ 98. Kd5 Rg6 99. Ke5 Kg8 100. Qc3 Rxg5+ 101. Ke6 Rg6+ 102. Ke5 Rg5+ 103. Ke6 Rg6+ 1/2-1/2

[Event "CZE-chT2D 2223"]
[Site "Czech Republic"]
[Date "2023.02.05"]
[Round "8.5"]
[White "Dolezel, Jaromir"]
[Black "Majocha, Piotr"]
[Result "0-1"]
[WhiteElo "2003"]
[BlackElo "1960"]
[PlyCount "72"]
[EventDate "2022.10.16"]
[EventType "team-tourn"]
[EventRounds "11"]
[EventCountry "CZE"]
[SourceTitle "EXT 2024"]
[Source "ChessBase"]
[SourceDate "2023.10.10"]
[SourceVersion "1"]
[SourceVersionDate "2023.10.10"]
[SourceQuality "1"]
[WhiteTeam "Zabreh"]
[BlackTeam "Rychnov nad Kneznou Panda"]
[WhiteTeamCountry "CZE"]
[BlackTeamCountry "CZE"]

1. e4 c5 2. Nf3 Nc6 3. d4 cxd4 4. Nxd4 Nf6 5. Nc3 e5 6. Ndb5 d6 7. Bg5 a6 8. Na3 b5 9. Nd5 Be7 10. Bxf6 Bxf6 11. c3 0-0 12. Nc2 Bg5 13. g3 Ne7 14. Nxe7+ Qxe7 15. Nb4 f5 16. exf5 Bb7 17. Nd5 Qf7 18. Bg2 e4 19. Ne3 Bxe3 20. fxe3 Qxf5 21. Qd2 Qe6 22. b3 a5 23. 0-0-0 d5 24. h4 b4 25. Bh3 Qb6 26. Qd4 Qc6 27. Rh2 a4 28. Qxb4 axb3 29. Qxb3 Kh8 30. Rd4 Ba6 31. Rb4 Bc4 32. Qb1 Qc5 33. Kd2 Bxa2 34. Qc2 Rf3 35. Re2 Bc4 36. Re1 Rf2+ 0-1

[Event "CZE-chT2D 2223"]
[Site "Czech Republic"]
[Date "2023.01.22"]
[Round "7.6"]
[White "Vala, Filip"]
[Black "Majocha, Piotr"]
[Result "1/2-1/2"]
[WhiteElo "2121"]
[BlackElo "1960"]
[PlyCount "60"]
[EventDate "2022.10.16"]
[EventType "team-tourn"]
[EventRounds "11"]
[EventCountry "CZE"]
[SourceTitle "EXT 2024"]
[Source "ChessBase"]
[SourceDate "2023.10.10"]
[SourceVersion "1"]
[SourceVersionDate "2023.10.10"]
[SourceQuality "1"]
[WhiteTeam "Chotebor"]
[BlackTeam "Rychnov nad Kneznou Panda"]
[WhiteTeamCountry "CZE"]
[BlackTeamCountry "CZE"]

1. d4 Nf6 2. Nf3 g6 3. c4 Bg7 4. Nc3 d5 5. cxd5 Nxd5 6. e4 Nxc3 7. bxc3 0-0 8. Be2 c5 9. Rb1 Nc6 10. d5 Ne5 11. Nxe5 Bxe5 12. Qd2 Qa5 13. Rb3 Bd7 14. f4 Bg7 15. c4 Qc7 16. Bb2 Bxb2 17. Rxb2 b5 18. cxb5 c4 19. Rb4 c3 20. Qe3 Qa5 21. Qxc3 Rac8 22. Qd2 Rc1+ 23. Qxc1 Qxb4+ 24. Qd2 Qb1+ 25. Qd1 Qb4+ 26. Qd2 Qb1+ 27. Qd1 Qb4+ 28. Qd2 Qxe4 29. 0-0 Rc8 30. Re1 Rc2 1/2-1/2

[Event "POL-chT 2nd League"]
[Site "Jastrzebia Gora"]
[Date "2022.09.10"]
[Round "8.54"]
[White "Majocha, Piotr"]
[Black "Bebel, Arkadiusz"]
[Result "0-1"]
[WhiteElo "1975"]
[BlackElo "2253"]
[PlyCount "96"]
[EventDate "2022.09.03"]
[EventType "team-swiss"]
[EventRounds "9"]
[EventCountry "POL"]
[SourceTitle "CBM 210 Extra"]
[Source "ChessBase"]
[SourceDate "2022.11.30"]
[SourceVersion "1"]
[SourceVersionDate "2022.11.30"]
[SourceQuality "1"]
[WhiteTeam "Radkow Giecek"]
[BlackTeam "Warszawa Mogalo"]
[WhiteTeamCountry "POL"]
[BlackTeamCountry "POL"]

1. d4 Nf6 2. Nf3 g6 3. c4 Bg7 4. Nc3 0-0 5. e4 d6 6. h3 e5 7. d5 Nh5 8. g3 f5 9. exf5 gxf5 10. Nh4 Nf6 11. Be3 Na6 12. Qd2 Nc5 13. 0-0-0 b6 14. Bd3 e4 15. Be2 a6 16. Ng2 Nfd7 17. b4 Nd3+ 18. Bxd3 exd3 19. f4 Qf6 20. Kb2 b5 21. Qxd3 Nb6 22. Bd4 Nxc4+ 23. Kb3 Qf7 24. Bxg7 Qxg7 25. Ne3 a5 26. Nxc4 bxc4+ 27. Qxc4 axb4 28. Qxb4 Bd7 29. Qd4 Qf7 30. Kc2 c5 31. Qc4 Qg7 32. Rb1 Rfe8 33. Kd2 Kf8 34. g4 fxg4 35. hxg4 Bxg4 36. Rbe1 Bf5 37. Rhg1 Qb7 38. Kc1 Reb8 39. Qe2 Ra3 40. Nb5 Rxa2 41. Qxa2 Qxb5 42. Rg3 Qb4 43. Ree3 Qd4 44. Re8+ Rxe8 45. Qa5 Qxf4+ 46. Kb2 Re2+ 47. Ka3 Qc1+ 48. Ka4 Bd7+ 0-1

[Event "POL-chT 2nd League"]
[Site "Jastrzebia Gora"]
[Date "2022.09.08"]
[Round "6.84"]
[White "Majocha, Piotr"]
[Black "Sopur, Lech"]
[Result "0-1"]
[WhiteElo "1975"]
[BlackElo "2411"]
[PlyCount "94"]
[EventDate "2022.09.03"]
[EventType "team-swiss"]
[EventRounds "9"]
[EventCountry "POL"]
[SourceTitle "CBM 210 Extra"]
[Source "ChessBase"]
[SourceDate "2022.11.30"]
[SourceVersion "1"]
[SourceVersionDate "2022.11.30"]
[SourceQuality "1"]
[WhiteTeam "Radkow Giecek"]
[BlackTeam "Lodz Okucia Budowlane"]
[WhiteTeamCountry "POL"]
[BlackTeamCountry "POL"]

1. c4 c5 2. Nf3 Nc6 3. d4 cxd4 4. Nxd4 Nf6 5. Nc3 g6 6. e4 d6 7. Be2 Nxd4 8. Qxd4 Bg7 9. Be3 0-0 10. Qd2 a5 11. 0-0 a4 12. Rab1 Qa5 13. Rfc1 Be6 14. f3 Rfc8 15. b4 axb3 16. axb3 Qb4 17. Na4 Qxd2 18. Bxd2 Nd7 19. Be3 f5 20. Bd3 Rc6 21. c5 dxc5 22. exf5 Bxf5 23. Bxf5 gxf5 24. Nxc5 Nxc5 25. Rxc5 Re6 26. Bf2 Re2 27. Rxf5 Raa2 28. Bg3 Bd4+ 29. Kh1 Reb2 30. Rd1 Rxb3 31. h4 Bf6 32. Rf4 Rbb2 33. Rg4+ Kf7 34. Bf4 Ra4 35. Bg3 b5 36. Rd5 Rxg4 37. fxg4 b4 38. g5 Bc3 39. Rb5 Ke6 40. h5 b3 41. Kh2 Rb1 42. g6 hxg6 43. h6 b2 44. h7 Rd1 45. Be5 b1Q 46. h8Q Rh1+ 47. Kg3 Qd3+ 0-1

[Event "POL-chT 2nd League"]
[Site "Jastrzebia Gora"]
[Date "2022.09.05"]
[Round "3.66"]
[White "Rudolf, Michal"]
[Black "Majocha, Piotr"]
[Result "1-0"]
[WhiteElo "2328"]
[BlackElo "1975"]
[PlyCount "65"]
[EventDate "2022.09.03"]
[EventType "team-swiss"]
[EventRounds "9"]
[EventCountry "POL"]
[SourceTitle "CBM 210 Extra"]
[Source "ChessBase"]
[SourceDate "2022.11.30"]
[SourceVersion "1"]
[SourceVersionDate "2022.11.30"]
[SourceQuality "1"]
[WhiteTeam "Warszawa YMCA"]
[BlackTeam "Radkow Giecek"]
[WhiteTeamCountry "POL"]
[BlackTeamCountry "POL"]

1. e4 e6 2. d4 d5 3. Nd2 Nf6 4. e5 Nfd7 5. Bd3 c5 6. c3 b6 7. Ne2 Ba6 8. Bxa6 Nxa6 9. 0-0 Be7 10. Nf4 Nc7 11. Qg4 g6 12. Re1 c4 13. g3 b5 14. h4 h5 15. Qd1 Nb6 16. Nf3 Qd7 17. Ne2 0-0-0 18. Bg5 Bxg5 19. Nxg5 Ne8 20. Nf4 Ng7 21. b3 Kb7 22. bxc4 bxc4 23. a4 a6 24. Qb1 Ka7 25. a5 Na8 26. Qb4 Qc7 27. Nxf7 Rb8 28. Qd6 Qxf7 29. Qc5+ Nb6 30. axb6+ Rxb6 31. Reb1 Rhb8 32. Rb4 Qb7 33. Rab1 1-0

[Event "Polanica Zdroj op-A 58th"]
[Site "Polanica Zdroj"]
[Date "2022.08.18"]
[Round "6"]
[White "Majocha, Piotr"]
[Black "Nowak, Filip"]
[Result "1/2-1/2"]
[WhiteElo "2036"]
[BlackElo "1957"]
[PlyCount "38"]
[EventDate "2022.08.13"]
[EventType "swiss"]
[EventRounds "9"]
[EventCountry "POL"]
[SourceTitle "CBM 210 Extra"]
[Source "ChessBase"]
[SourceDate "2022.11.30"]
[SourceVersion "1"]
[SourceVersionDate "2022.11.30"]
[SourceQuality "1"]

1. Nf3 d5 2. c4 c6 3. e3 Nf6 4. Nc3 e6 5. d4 Nbd7 6. Qc2 Bd6 7. b3 0-0 8. Be2 b6 9. 0-0 Bb7 10. Bb2 Qe7 11. Rad1 Rac8 12. Rfe1 Rfd8 13. e4 Bb4 14. e5 Ne4 15. Nxe4 dxe4 16. Qxe4 Bxe1 17. Rxe1 Nf8 18. c5 b5 19. Bc1 h6 1/2-1/2

[Event "Polanica Zdroj op-A 58th"]
[Site "Polanica Zdroj"]
[Date "2022.08.15"]
[Round "3"]
[White "Majocha, Piotr"]
[Black "Kowalczyk, Rafal"]
[Result "0-1"]
[WhiteElo "2036"]
[BlackElo "2239"]
[PlyCount "68"]
[EventDate "2022.08.13"]
[EventType "swiss"]
[EventRounds "9"]
[EventCountry "POL"]
[SourceTitle "CBM 210 Extra"]
[Source "ChessBase"]
[SourceDate "2022.11.30"]
[SourceVersion "1"]
[SourceVersionDate "2022.11.30"]
[SourceQuality "1"]

1. d4 Nf6 2. c4 e6 3. Nf3 d5 4. g3 c5 5. cxd5 Nxd5 6. Bg2 Nc6 7. 0-0 Be7 8. Nc3 Nxc3 9. bxc3 Bf6 10. e3 0-0 11. Ba3 Be7 12. Nd2 cxd4 13. Bxe7 Qxe7 14. cxd4 Bd7 15. Nc4 Rfd8 16. Qb3 Be8 17. a4 Rac8 18. a5 Rc7 19. Nb2 h5 20. Nd3 h4 21. Qa3 Qg5 22. Nb4 Rdc8 23. Nxc6 Bxc6 24. e4 h3 25. Bxh3 Bxe4 26. Rad1 Qd5 27. f3 Bc2 28. Rd2 Rc3 29. Qb2 Bd3 30. Rff2 Rb3 31. Qa2 Rb1+ 32. Kg2 Rcc1 33. Bg4 Rg1+ 34. Kh3 Qg5 0-1

[Event "Lazy Baltic Pearl op-A 18th"]
[Site "Lazy"]
[Date "2022.06.27"]
[Round "2"]
[White "Majocha, Piotr"]
[Black "Przybylski, Bartosz1111"]
[Result "0-1"]
[WhiteElo "2036"]
[BlackElo "1679"]
[PlyCount "100"]
[EventDate "2022.06.26"]
[EventType "swiss"]
[EventRounds "9"]
[EventCountry "POL"]
[SourceTitle "CBM 209 Extra"]
[Source "ChessBase"]
[SourceDate "2022.09.30"]
[SourceVersion "1"]
[SourceVersionDate "2022.09.30"]
[SourceQuality "1"]

1. d4 f5 2. Bg5 g6 3. e3 Bg7 4. h4 h6 5. Bf4 d6 6. Bc4 e5 7. Bg3 Qe7 8. Nc3 c6 9. dxe5 dxe5 10. Nge2 Be6 11. Bxe6 Qxe6 12. Qd2 Nd7 13. 0-0-0 0-0-0 14. f3 Ngf6 15. e4 Nb6 16. Qe3 fxe4 17. fxe4 Ng4 18. Qc5 h5 19. Kb1 Bh6 20. Nb5 Be3 21. Qc3 Nc4 22. Na3 Nd2+ 23. Ka1 Nxe4 24. Qc4 Qxc4 25. Nxc4 Nxg3 26. Nxg3 b5 27. Nd6+ Kc7 28. Nde4 Bf2 29. Kb1 Bxg3 30. Nxg3 Ne3 31. Rde1 Nxg2 32. Rxe5 Rhe8 33. Rg5 Nxh4 34. c3 Nf3 35. Rxg6 h4 36. Nf5 Re2 37. Ka1 Rdd2 38. Rb1 h3 39. Rg3 Ne1 40. a3 h2 41. Rh3 Rd3 42. Rh7+ Rd7 43. Rh3 Rf7 44. Ng3 Nc2+ 45. Ka2 Rg2 46. Rh1 Rff2 47. Ne4 Nb4+ 48. axb4 Rxb2+ 49. Ka1 Rbe2 50. Rb1 Ra2# 0-1

[Event "Lazy Baltic Pearl op-A 18th"]
[Site "Lazy"]
[Date "2022.06.26"]
[Round "1"]
[White "Bochniak, Franciszek"]
[Black "Majocha, Piotr"]
[Result "1/2-1/2"]
[WhiteElo "1664"]
[BlackElo "2036"]
[PlyCount "170"]
[EventDate "2022.06.26"]
[EventType "swiss"]
[EventRounds "9"]
[EventCountry "POL"]
[SourceTitle "CBM 209 Extra"]
[Source "ChessBase"]
[SourceDate "2022.09.30"]
[SourceVersion "1"]
[SourceVersionDate "2022.09.30"]
[SourceQuality "1"]

1. d4 Nf6 2. Bg5 Ne4 3. h4 h6 4. Bf4 d5 5. Nd2 Bf5 6. e3 Nxd2 7. Qxd2 e6 8. Bd3 c6 9. Ne2 h5 10. Bxf5 exf5 11. Qd3 g6 12. Be5 Rg8 13. 0-0-0 Be7 14. Bg3 Nd7 15. Nc3 Bb4 16. a3 Bxc3 17. Qxc3 Qe7 18. f3 f6 19. Rde1 Kf8 20. Re2 Kg7 21. Rhe1 Rge8 22. Qd3 Nb6 23. e4 fxe4 24. fxe4 dxe4 25. Rxe4 Qd7 26. Qe2 Kf7 27. Rxe8 Rxe8 28. Qxe8+ Qxe8 29. Rxe8 Kxe8 30. b3 Nd5 31. Kd2 Kd7 32. c4 Ne7 33. Kd3 Nf5 34. Bf2 Ke6 35. Ke4 Nd6+ 36. Kf4 a6 37. a4 b5 38. d5+ cxd5 39. cxb5 axb5 40. a5 Kd7 41. Bd4 Ne4 42. b4 Kc6 43. Bb2 g5+ 44. Kf5 gxh4 45. Kg6 Ng5 46. Kxf6 h3 47. gxh3 Nxh3 48. Kg6 Nf4+ 49. Kg5 Nd3 50. Bc3 d4 51. Bxd4 Nxb4 52. Bc3 Na6 53. Kxh5 Nc5 54. Kg4 Kb7 55. Kf3 Ka6 56. Ke3 Nb3 57. Kd3 Nxa5 58. Kc2 Nc6 59. Kb3 Kb6 60. Bb4 Nd4+ 61. Kc3 Ne2+ 62. Kd3 Nf4+ 63. Ke4 Ne6 64. Kd3 Kc6 65. Kc3 Kd5 66. Be7 Nf4 67. Kb4 Kc6 68. Bf8 Ne6 69. Be7 Nc7 70. Bf8 Na6+ 71. Kb3 Nc5+ 72. Bxc5 Kxc5 73. Kc3 b4+ 74. Kb3 Kb5 75. Kb2 Kc4 76. Kc2 b3+ 77. Kb2 Kb4 78. Kb1 Ka4 79. Kb2 Kb4 80. Kb1 Kc3 81. Kc1 Kd4 82. Kb2 Kc4 83. Kb1 Kc3 84. Kc1 b2+ 85. Kb1 Kb3 1/2-1/2

[Event "POL-chT 2nd League"]
[Site "Sypniewo"]
[Date "2021.09.11"]
[Round "8.7"]
[White "Mazurkiewicz, Michal"]
[Black "Majocha, Piotr"]
[Result "1-0"]
[WhiteElo "2193"]
[BlackElo "1980"]
[PlyCount "79"]
[EventDate "2021.09.04"]
[EventType "team-swiss"]
[EventRounds "9"]
[EventCountry "POL"]
[SourceTitle "CBM 204 Extra"]
[Source "ChessBase"]
[SourceDate "2021.11.30"]
[SourceVersion "1"]
[SourceVersionDate "2021.11.30"]
[SourceQuality "1"]
[WhiteTeam "Zielonka Zieloni"]
[BlackTeam "Radkow Giecek"]
[WhiteTeamCountry "POL"]
[BlackTeamCountry "POL"]

1. e4 c5 2. Nf3 Nc6 3. g3 g6 4. Bg2 Bg7 5. 0-0 e6 6. d3 Nge7 7. Re1 d5 8. Nbd2 0-0 9. h4 h6 10. e5 b5 11. a4 Qb6 12. Nb3 bxa4 13. Rxa4 Qb5 14. Ra3 a5 15. d4 cxd4 16. Nbxd4 Qb8 17. Rb3 Bb7 18. Bf4 a4 19. Ra3 Bc8 20. Qc1 h5 21. Bh6 Nxd4 22. Nxd4 Bxh6 23. Qxh6 Qxb2 24. Qe3 Bd7 25. Bh3 Rac8 26. Rd3 Rc4 27. Red1 Nc6 28. Nf3 Kh7 29. Rxd5 exd5 30. Bxd7 Qxc2 31. Rd2 Qb3 32. Rd3 Qb1+ 33. Kg2 Qc1 34. Rd2 Qc3 35. Rd3 Qc1 36. Rd2 d4 37. Qf4 Ne7 38. Qf6 Qa3 39. Ng5+ Kg8 40. e6 1-0

[Event "Rubinstein Memorial op-A 57th"]
[Site "Polanica Zdroj"]
[Date "2021.08.22"]
[Round "9"]
[White "Majocha, Piotr"]
[Black "Zima, Teofil"]
[Result "1/2-1/2"]
[WhiteElo "1978"]
[BlackElo "1994"]
[PlyCount "65"]
[EventDate "2021.08.14"]
[EventType "swiss"]
[EventRounds "9"]
[EventCountry "POL"]
[SourceTitle "CBM 203 Extra"]
[Source "ChessBase"]
[SourceDate "2021.09.30"]
[SourceVersion "1"]
[SourceVersionDate "2021.09.30"]
[SourceQuality "1"]

1. d4 g6 2. c4 d6 3. Nc3 Bg7 4. e4 Nf6 5. h3 0-0 6. Nf3 e5 7. d5 Na6 8. Be3 Nc5 9. Nd2 a5 10. g4 c6 11. Be2 a4 12. a3 cxd5 13. cxd5 Bd7 14. h4 Qa5 15. Kf1 b5 16. g5 Ne8 17. h5 Rc8 18. f3 Rb8 19. Qe1 b4 20. axb4 Rxb4 21. Ra2 Nc7 22. Nc4 Rxc4 23. Bxc4 Rb8 24. hxg6 hxg6 25. Kg2 Qb4 26. Qe2 Na8 27. Rha1 Nb6 28. Bxc5 Qxc5 29. Bd3 Bf8 30. Qf2 Qb4 31. Bc2 Be7 32. Qh4 Bf8 33. Qf2 1/2-1/2

[Event "Rubinstein Memorial op-A 57th"]
[Site "Polanica Zdroj"]
[Date "2021.08.21"]
[Round "8"]
[White "Praczukowski, Stanislaw"]
[Black "Majocha, Piotr"]
[Result "1-0"]
[WhiteElo "2073"]
[BlackElo "1978"]
[PlyCount "75"]
[EventDate "2021.08.14"]
[EventType "swiss"]
[EventRounds "9"]
[EventCountry "POL"]
[SourceTitle "CBM 203 Extra"]
[Source "ChessBase"]
[SourceDate "2021.09.30"]
[SourceVersion "1"]
[SourceVersionDate "2021.09.30"]
[SourceQuality "1"]

1. d4 Nf6 2. c4 g6 3. Nf3 Bg7 4. g3 0-0 5. Bg2 c6 6. 0-0 d5 7. Qb3 dxc4 8. Qxc4 Nbd7 9. Qc2 Re8 10. Rd1 Qa5 11. Bf4 c5 12. d5 Nb6 13. Nc3 c4 14. e4 Bg4 15. h3 Bxf3 16. Bxf3 Nfd7 17. Bd2 Qc5 18. Be3 Qc8 19. Kg2 Nc5 20. Bg4 Ncd7 21. h4 h5 22. Bh3 Qb8 23. a4 Rd8 24. a5 Nc8 25. Bg5 Qd6 26. Be3 a6 27. Na4 b5 28. axb6 Ndxb6 29. Nc5 Re8 30. Nxa6 Rf8 31. Nc5 Rxa1 32. Rxa1 Qf6 33. Ra2 Rd8 34. Nb7 Re8 35. Na5 e6 36. dxe6 fxe6 37. Nxc4 Nxc4 38. Qxc4 1-0